000 00585nam a22002297a 4500
003 UA-OsUOA
001 95252
007 ta
008 20130226b un ||||| |||| 00| 0 ukr d
100 _aЖуков Я.
090 _a821.161.1
_bЖ86
942 _cBK
040 _aUA-OsUOA
_brus
_cUA-OsUOA
_dUA-OsUOA
245 _aС родиной в сердце
300 _a168 с.
955 _a3
041 _arus
080 _a821.161.1
260 _aОдесса
_bМаяк
_c1983
650 7 _a82 Література. Літературознавство
_2UDC
999 _c381506
_d381506